000 01595nam a22002417a 4500
003 DO-SdBJH
005 20250319145457.0
008 250319b |||||||| |||| 00| 0 spa d
040 _aDO-SdBJH
_bspa
_cDO-SdBJH
090 _aTG ANGM
_b02282 2023
100 1 _aCeballos Montaño, Waldry José
_esustentante
245 1 0 _aRol del Cuerpo Especializado de Seguridad Portuaria (CESEP) en la Seguridad Nacional e incidencia en las Fuerzas Armadas (FFAA) /
_c Waldry José Ceballos Montaño, Addias Benhail Bonilla Santana, asesor Máximo Peña De León, Manuel V. Feliz Ledesma
260 _aSanto Domingo Este :
_bINSUDE,
_c2023
300 _aiii, 79 páginas
502 _aTrabajo de grado (Licenciado en Ciencias Navales). -- Instituto Superior para la Defensa (INSUDE). Academia Naval Marina de Guerra “Vicealmirante Cesar D’Windt Lavandier”, 2023
504 _aIncluye referencias bibliográficas e índices
505 _aAspectos históricos y legales del Cuerpo Especializado de Seguridad Portuaria (CESEP). -- Cuerpo Especializado de Seguridad Portuaria (CESEP) y su relación institucional con el desarrollo nacional. -- Cuerpo Especializado de Seguridad Portuaria (CESEP) como autoridad designada y sus relaciones institucionales con las Fuerzas Armadas (FFAA)
700 1 _aBonilla Santana, Addias Benhail
_esustentante
700 1 _aPeña De León, Máximo
_easesor
700 1 _aFeliz Ledesma, Manuel V.
_easesor
830 _aINSUDE. Academia Naval Marina de Guerra “Vicealmirante Cesar D’Windt Lavandier”. Tesis y disertaciones académicas
942 _2CL
_cT
999 _c8105
_d8105